000
00307nam a22001337a 4500
008
170623b xxu||||| |||| 00| 0 eng d
020
_a
9781563240256
041
_a
eng
080
_a
32
100
_a
21
101
_a
SHP
245
_a
THE SOCIO-ECONOMICS OF CRIME AND JUSTICE
_c
FORST, B
942
_2
udc
_c
BK
999
_c
19106
_d
19106